[Event "Open de Otoño Fundación CajaCanarias"]
[Site "Santa Cruz de Tenerife ESP"]
[Date "2014.11.10"]
[Round "7.9"]
[White "Korneev Leskova, Svyatoslav"]
[Black "Guniaeva, Olga"]
[Result "1-0"]
[WhiteElo "2075"]
[BlackElo "1685"]
[PlyCount "109"]
[EventDate "2014.10.27"]
[EventType "swiss"]
[EventRounds "9"]
[EventCountry "ESP"]
[Source "lmi"]
[SourceDate "2014.10.27"]

1. c4 Nf6 2. Nf3 c6 3. g3 d5 4. Bg2 Bf5 5. O-O e6 6. b3 Be7 7. Bb2 O-O 8. d3 h6
9. Qc2 Bh7 10. Rd1 dxc4 11. bxc4 Nbd7 12. Nc3 Nb6 13. e4 Qc7 14. Rac1 Rac8 15.
Qe2 Qb8 16. d4 Rfd8 17. c5 Na8 18. e5 Nd5 19. Ne4 Bxe4 20. Qxe4 b6 21. Ba3 b5
22. Bf1 Bf8 23. Bd3 g6 24. h4 h5 25. g4 hxg4 26. Nh2 Bh6 27. Nxg4 Bxc1 28. Bxc1
Kf8 29. Qf3 Ke8 30. Bg5 Rd7 31. h5 gxh5 32. Qh3 Re7 33. Qxh5 Kd7 34. Bxe7 Kxe7
35. Qg5+ Kd7 36. Qg7 Rf8 37. Bh7 Qe8 38. f4 Qe7 39. Rd3 Nac7 40. Ra3 a6 41. Be4
b4 42. Bxd5 cxd5 43. Nf6+ Kc6 44. Rh3 Ne8 45. Nxe8 Qxe8 46. Rg3 a5 47. Qh7 Rh8
48. Qd3 Qa8 49. f5 Rg8 50. Rxg8 Qxg8+ 51. Kf2 Qa8 52. Ke3 Qb7 53. fxe6 fxe6 54.
Qf1 Qh7 55. Qa6+ 1-0

[Event "Open de Otoño Fundación CajaCanarias"]
[Site "Santa Cruz de Tenerife ESP"]
[Date "2014.11.10"]
[Round "7.11"]
[White "Perez De La Torre, Jorge"]
[Black "Sanchez Martin, Jacobo"]
[Result "1/2-1/2"]
[WhiteElo "1628"]
[BlackElo "1801"]
[PlyCount "61"]
[EventDate "2014.10.27"]
[EventType "swiss"]
[EventRounds "9"]
[EventCountry "ESP"]
[Source "lmi"]
[SourceDate "2014.10.27"]

1. d4 g6 2. e4 d6 3. Nf3 Bg7 4. c3 Nf6 5. Bd3 O-O 6. Nbd2 b6 7. O-O Bb7 8. a4
Nbd7 9. a5 bxa5 10. Rxa5 c5 11. Qa4 cxd4 12. cxd4 Nb6 13. Qa2 Qb8 14. d5 Rc8
15. Ba6 Bxa6 16. Rxa6 Nfd7 17. b4 Rc7 18. Nb3 Qc8 19. Be3 Rc2 20. Rc1 Rxa2 21.
Rxc8+ Rxc8 22. Rxa2 Rc4 23. Nfd2 Rxb4 24. Rxa7 Bf6 25. g4 Ne5 26. g5 Bg7 27.
Bxb6 Rxb6 28. Rxe7 Nf3+ 29. Nxf3 Rxb3 30. Kg2 Rb4 31. Re8+ 1/2-1/2

[Event "Open de Otoño Fundación CajaCanarias"]
[Site "Santa Cruz de Tenerife ESP"]
[Date "2014.11.10"]
[Round "7.12"]
[White "Rodriguez Redondo, Adhara"]
[Black "Gonzalez Moreno, Juan Carlos"]
[Result "1-0"]
[WhiteElo "1510"]
[BlackElo "1714"]
[PlyCount "93"]
[EventDate "2014.10.27"]
[EventType "swiss"]
[EventRounds "9"]
[EventCountry "ESP"]
[Source "lmi"]
[SourceDate "2014.10.27"]

1. e4 g6 2. d4 Bg7 3. Nf3 Nf6 4. Nc3 d6 5. Be2 O-O 6. O-O a6 7. Bf4 Nbd7 8. Qd2
Re8 9. Rad1 b5 10. b4 Bb7 11. d5 c6 12. Rfe1 cxd5 13. exd5 Nb6 14. Bg5 Nfxd5
15. Nxd5 Nxd5 16. Nd4 Qc7 17. Bf3 e6 18. a3 Rac8 19. Rc1 Qb6 20. Bxd5 Bxd5 21.
Be3 Qb7 22. f3 Rc4 23. c3 Rec8 24. Rc2 Qc7 25. Rec1 Qe7 26. Bg5 Bf6 27. Bxf6
Qxf6 28. Qd3 R4c7 29. Qd2 Bc4 30. f4 Bd5 31. Qe3 e5 32. fxe5 dxe5 33. Ne2 Qe6
34. Rd2 f5 35. Rcd1 Bc4 36. Rd6 Qe7 37. Rxa6 Bxe2 38. Qxe2 Rxc3 39. Qxb5 R8c7
40. Qd5+ Kg7 41. Re6 Qf8 42. Qxe5+ Kh6 43. Qf4+ Kh5 44. g4+ Kh4 45. gxf5+ Kh5
46. f6 R7c4 47. Re5+ 1-0

[Event "Open de Otoño Fundación CajaCanarias"]
[Site "Santa Cruz de Tenerife ESP"]
[Date "2014.11.10"]
[Round "7.13"]
[White "Rodriguez Perez, Mauro"]
[Black "De La Rosa Baez, Carlos"]
[Result "1-0"]
[WhiteElo "1941"]
[BlackElo "1326"]
[PlyCount "55"]
[EventDate "2014.10.27"]
[EventType "swiss"]
[EventRounds "9"]
[EventCountry "ESP"]
[Source "lmi"]
[SourceDate "2014.10.27"]

1. d4 e6 2. c4 f5 3. Nc3 Nf6 4. f3 d5 5. Bf4 Be7 6. e3 c6 7. Nh3 O-O 8. Bd3
Nbd7 9. Ng5 Nb8 10. O-O Nh5 11. Nh3 g5 12. Bxb8 Rxb8 13. Nf2 Bd6 14. e4 fxe4
15. fxe4 Nf4 16. e5 Nxd3 17. Qxd3 Be7 18. Ng4 Kh8 19. Rxf8+ Qxf8 20. Rf1 Qg7
21. Nf6 Qh6 22. Rf3 Qg6 23. Qe2 b6 24. cxd5 cxd5 25. Qb5 Bb7 26. Qd7 Qg7 27.
Qc7 Qf8 28. Nd7 1-0

[Event "Open de Otoño Fundación CajaCanarias"]
[Site "Santa Cruz de Tenerife ESP"]
[Date "2014.11.10"]
[Round "7.14"]
[White "Garcia Rodriguez, Pedro Leopol"]
[Black "Diaz Reyes, Franklin"]
[Result "1-0"]
[WhiteElo "1927"]
[BlackElo "1299"]
[PlyCount "84"]
[EventDate "2014.10.27"]
[EventType "swiss"]
[EventRounds "9"]
[EventCountry "ESP"]
[Source "lmi"]
[SourceDate "2014.10.27"]

1. c4 e5 2. Nc3 Nf6 3. Nf3 Nc6 4. g3 d5 5. cxd5 Nxd5 6. Bg2 Nb6 7. O-O Be7 8.
a3 a5 9. d3 O-O 10. b3 Be6 11. Rb1 f6 12. Nd2 Bf7 13. Nc4 Nxc4 14. bxc4 Rb8 15.
Rb5 Qd7 16. Nd5 b6 17. e3 Na7 18. Rb1 Rfd8 19. Qc2 c6 20. Nxe7+ Qxe7 21. a4 Bg6
22. Rd1 e4 23. d4 c5 24. d5 f5 25. Bb2 Be8 26. Ra1 Rbc8 27. Qc3 Bh5 28. Rd2 Rc7
29. Bh3 Bg4 30. Bxg4 fxg4 31. Qe5 Qxe5 32. Bxe5 Re7 33. Bf4 Nc8 34. Rb1 Nd6 35.
Bxd6 Rxd6 36. Rdb2 Rb7 37. Rb5 Kf7 38. Rxc5 bxc5 39. Rxb7+ Kf8 40. Rb5 Ke7 41.
Rxc5 Rb6 42. Rxa5 Rd6 1-0

[Event "Open de Otoño Fundación CajaCanarias"]
[Site "Santa Cruz de Tenerife ESP"]
[Date "2014.11.10"]
[Round "7.15"]
[White "Febles Dominguez, Alfonso Jesu"]
[Black "Ruiz Yanes, Jose David"]
[Result "1/2-1/2"]
[WhiteElo "1379"]
[BlackElo "1487"]
[PlyCount "65"]
[EventDate "2014.10.27"]
[EventType "swiss"]
[EventRounds "9"]
[EventCountry "ESP"]
[Source "lmi"]
[SourceDate "2014.10.27"]

1. e4 e6 2. d4 d5 3. Nc3 dxe4 4. Nxe4 Bd7 5. Nf3 Bc6 6. Bd3 Nd7 7. O-O Ngf6 8.
Bg5 Be7 9. Ng3 O-O 10. h3 Re8 11. Re1 a6 12. c4 Bxf3 13. Qxf3 c6 14. Ne4 Qb6
15. Nxf6+ Nxf6 16. d5 cxd5 17. cxd5 Nxd5 18. Bxe7 Rxe7 19. b3 Rc8 20. Be4 Nf6
21. Rac1 Rec7 22. Rcd1 Nxe4 23. Qxe4 Rc2 24. Re2 Rxe2 25. Qxe2 g6 26. Qf3 Qc7
27. Qf6 h5 28. h4 Kf8 29. Re1 Qc3 30. Rxe6 Qxf6 31. Rxf6 Rc2 32. a4 Rb2 33. Rf3
1/2-1/2

[Event "Open de Otoño Fundación CajaCanarias"]
[Site "Santa Cruz de Tenerife ESP"]
[Date "2014.11.10"]
[Round "7.18"]
[White "Afonso Carrillo, Ivan Alejandr"]
[Black "Bernardez Gonzalez, Roberto"]
[Result "1-0"]
[WhiteElo "1449"]
[BlackElo "1420"]
[PlyCount "75"]
[EventDate "2014.10.27"]
[EventType "swiss"]
[EventRounds "9"]
[EventCountry "ESP"]
[Source "lmi"]
[SourceDate "2014.10.27"]

1. d4 Nf6 2. Nc3 d5 3. Bg5 c6 4. Bxf6 exf6 5. e4 Bb4 6. Qf3 O-O 7. Nge2 dxe4 8.
Qxe4 Bxc3+ 9. bxc3 Re8 10. Qd3 Qa5 11. Kd2 Nd7 12. Nc1 Nc5 13. Nb3 Nxd3 14.
Nxa5 Nxf2 15. Rg1 Ne4+ 16. Kd3 Nd6 17. g4 f5 18. Bh3 Ne4 19. Raf1 fxg4 20. Bxg4
Bxg4 21. Rxg4 Nd6 22. c4 b6 23. Nxc6 f5 24. Rg2 b5 25. cxb5 Nxb5 26. Rxf5 Nd6
27. Rd5 Ne4 28. Rd7 Rac8 29. Ne7+ Rxe7 30. Rxe7 Nf6 31. Rgxg7+ Kh8 32. Rxa7 Nd5
33. Rxh7+ Kg8 34. Rh4 Nb4+ 35. Ke4 Re8+ 36. Kf5 Nxc2 37. Ra6 Ne3+ 38. Kg5 1-0

[Event "Open de Otoño Fundación CajaCanarias"]
[Site "Santa Cruz de Tenerife ESP"]
[Date "2014.11.10"]
[Round "7.21"]
[White "Marichal Miranda, Diego"]
[Black "Hernandez Estevez, Andres Davi"]
[Result "0-1"]
[WhiteElo "1431"]
[BlackElo "1296"]
[PlyCount "84"]
[EventDate "2014.10.27"]
[EventType "swiss"]
[EventRounds "9"]
[EventCountry "ESP"]
[Source "lmi"]
[SourceDate "2014.10.27"]

1. g3 d5 2. Bg2 e5 3. d3 Nf6 4. Nd2 Nc6 5. b3 Be6 6. Bb2 Bd6 7. e4 d4 8. Ne2
Qd7 9. Nc4 Be7 10. Qd2 b5 11. Na3 Bb4 12. c3 dxc3 13. Nxc3 Nd4 14. Nc2 Nxc2+
15. Qxc2 Bh3 16. O-O Bxg2 17. Kxg2 O-O 18. a3 Ba5 19. Ne2 Rfe8 20. f4 Ng4 21.
Rf3 Bb6 22. Bc1 Rad8 23. fxe5 Nxe5 24. Nf4 Nxf3 25. Kxf3 c6 26. Bb2 Bd4 27.
Bxd4 Qxd4 28. Rd1 Qf6 29. Kg2 Rd7 30. b4 Red8 31. Qc5 Qb2+ 32. Kh3 Qxa3 33. e5
a5 34. Qxc6 Qxb4 35. e6 Rd6 36. e7 Rxc6 37. exd8=Q+ Qf8 38. Qxa5 g5 39. Ne2
Qc8+ 40. Kg2 Qb7 41. Qd8+ Kg7 42. Qxg5+ Rg6+ 0-1

[Event "Open de Otoño Fundación CajaCanarias"]
[Site "Santa Cruz de Tenerife ESP"]
[Date "2014.11.10"]
[Round "7.22"]
[White "Perez Garcia, Jimena"]
[Black "Medina Sanchez, Gines"]
[Result "0-1"]
[WhiteElo "1120"]
[BlackElo "1740"]
[PlyCount "82"]
[EventDate "2014.10.27"]
[EventType "swiss"]
[EventRounds "9"]
[EventCountry "ESP"]
[Source "lmi"]
[SourceDate "2014.10.27"]

1. d4 d5 2. c4 e6 3. Nc3 Nf6 4. cxd5 exd5 5. Bg5 Be7 6. e3 c6 7. Nf3 Bf5 8. Be2
O-O 9. O-O Nbd7 10. a3 Re8 11. Bxf6 Bxf6 12. b4 a6 13. a4 Qe7 14. b5 axb5 15.
axb5 Rxa1 16. Qxa1 Nb6 17. bxc6 bxc6 18. Qa6 Qc7 19. Qa3 Ra8 20. Qb2 Qa7 21. h3
g6 22. Nd2 Kg7 23. Nb3 Qa3 24. Qxa3 Rxa3 25. Bd1 Bd3 26. Re1 Nc4 27. Ne2 Nb2
28. Nec1 Bc4 29. Nc5 Bd8 30. Ne2 Nxd1 31. Rxd1 Bxe2 32. Rb1 Bc7 33. f4 Bb5 34.
e4 Bc4 35. Rb7 Ra1+ 36. Kf2 Rf1+ 37. Kg3 Bxf4+ 38. Kh4 Kh6 39. Rb2 dxe4 40.
Nxe4 g5+ 41. Kg4 Be6# 0-1

[Event "Open de Otoño Fundación CajaCanarias"]
[Site "Santa Cruz de Tenerife ESP"]
[Date "2014.11.10"]
[Round "7.24"]
[White "Chirinos Rodriguez, Jonathan E"]
[Black "Perez Perez, Gabriel"]
[Result "1/2-1/2"]
[WhiteElo "1538"]
[BlackElo "1534"]
[PlyCount "75"]
[EventDate "2014.10.27"]
[EventType "swiss"]
[EventRounds "9"]
[EventCountry "ESP"]
[Source "lmi"]
[SourceDate "2014.10.27"]

1. e4 c6 2. Nf3 d5 3. exd5 cxd5 4. Ne5 Nf6 5. d4 e6 6. Nd2 Be7 7. Bd3 O-O 8.
O-O a6 9. a4 Nc6 10. c3 Bd7 11. Re1 Rc8 12. Ndf3 Nxe5 13. Nxe5 Be8 14. Qe2 Nd7
15. Qh5 g6 16. Qe2 Bf6 17. Bh6 Bg7 18. Qd2 Nxe5 19. dxe5 f5 20. Bxg7 Kxg7 21.
f4 Bc6 22. Kh1 d4 23. c4 Qd7 24. b3 Rfd8 25. Rad1 b5 26. axb5 axb5 27. cxb5
Bxb5 28. Bxb5 Qxb5 29. Qb2 d3 30. Rd2 Rc7 31. Red1 Rcd7 32. Qc3 Rd4 33. g3 Qd5+
34. Kg1 Qf3 35. b4 Qe3+ 36. Kh1 Kh6 37. b5 Qf3+ 38. Kg1 1/2-1/2

[Event "Open de Otoño Fundación CajaCanarias"]
[Site "Santa Cruz de Tenerife ESP"]
[Date "2014.11.10"]
[Round "7.25"]
[White "Perez Martin, Nicanor"]
[Black "Diaz Reyes, Killian"]
[Result "0-1"]
[WhiteElo "1599"]
[BlackElo "1139"]
[PlyCount "68"]
[EventDate "2014.10.27"]
[EventType "swiss"]
[EventRounds "9"]
[EventCountry "ESP"]
[Source "lmi"]
[SourceDate "2014.10.27"]

1. d4 d5 2. c4 Nf6 3. Nc3 e6 4. Nf3 Bd6 5. Bg5 Be7 6. e3 Nc6 7. Be2 O-O 8. O-O
Bd7 9. Rc1 Re8 10. cxd5 exd5 11. Bf4 Be6 12. h3 h6 13. Qb3 Rb8 14. Nb5 Bd6 15.
Nxd6 cxd6 16. Bb5 Qc7 17. Qa4 Rbc8 18. Nd2 a6 19. Bd3 Qd7 20. Kh2 Rc7 21. f3
Rec8 22. b4 Qe7 23. Qa3 Nh5 24. Bg3 Nxg3 25. Kxg3 Bd7 26. Rfe1 Re8 27. Qb3 Qg5+
28. Kf2 Qh4+ 29. Kg1 Nxd4 30. Qxd5 Rxc1 31. Rxc1 Rxe3 32. Bf1 Ne2+ 33. Bxe2
Rxe2 34. Qxd6 Qf2+ 0-1

[Event "Open de Otoño Fundación CajaCanarias"]
[Site "Santa Cruz de Tenerife ESP"]
[Date "2014.11.12"]
[Round "8.1"]
[White "Rodriguez Gonzalez, Javier"]
[Black "Hernandez Leon, Alberto"]
[Result "1/2-1/2"]
[WhiteElo "2229"]
[BlackElo "2236"]
[PlyCount "25"]
[EventDate "2014.10.27"]
[EventType "swiss"]
[EventRounds "9"]
[EventCountry "ESP"]
[Source "lmi"]
[SourceDate "2014.10.27"]

1. d4 c5 2. d5 g6 3. e4 Bg7 4. Nf3 d6 5. Be2 Nf6 6. Nc3 O-O 7. O-O Na6 8. h3
Nc7 9. a4 a6 10. Bf4 Nd7 11. Qd2 Rb8 12. Bh6 b5 13. Bxg7 1/2-1/2

[Event "Open de Otoño Fundación CajaCanarias"]
[Site "Santa Cruz de Tenerife ESP"]
[Date "2014.11.12"]
[Round "8.2"]
[White "Villavicencio Martinez, Adalbe"]
[Black "Molina Rodriguez, Borja"]
[Result "1-0"]
[WhiteElo "2318"]
[BlackElo "2140"]
[PlyCount "67"]
[EventDate "2014.10.27"]
[EventType "swiss"]
[EventRounds "9"]
[EventCountry "ESP"]
[Source "lmi"]
[SourceDate "2014.10.27"]

1. d4 Nf6 2. Nf3 e6 3. c4 b6 4. g3 Bb7 5. Bg2 Be7 6. O-O O-O 7. Nc3 Ne4 8. Bd2
f5 9. Rc1 Bf6 10. d5 Na6 11. a3 Nac5 12. b4 Nxc3 13. Bxc3 Ne4 14. Bxf6 Qxf6 15.
Nd4 a5 16. Nb5 axb4 17. axb4 Rfc8 18. Qc2 c6 19. dxc6 Bxc6 20. Bxe4 Bxe4 21.
Qd2 Rf8 22. Nd6 Ra4 23. Rfd1 Ba8 24. b5 f4 25. Qxf4 Qxf4 26. gxf4 Rxf4 27. f3
Kf8 28. Ra1 Rxa1 29. Rxa1 Bxf3 30. exf3 Rd4 31. Ra8+ Ke7 32. Nc8+ Kd8 33. Nxb6+
Kc7 34. c5 1-0

[Event "Open de Otoño Fundación CajaCanarias"]
[Site "Santa Cruz de Tenerife ESP"]
[Date "2014.11.12"]
[Round "8.3"]
[White "Tatai, Stefano"]
[Black "Paz Mendez, German Christopher"]
[Result "1-0"]
[WhiteElo "2331"]
[BlackElo "1715"]
[PlyCount "65"]
[EventDate "2014.10.27"]
[EventType "swiss"]
[EventRounds "9"]
[EventCountry "ESP"]
[Source "lmi"]
[SourceDate "2014.10.27"]

1. Nf3 d5 2. c4 c6 3. b3 Nf6 4. Bb2 e6 5. g3 Nbd7 6. Bg2 Bd6 7. O-O e5 8. d3
O-O 9. Qc2 Re8 10. e3 Nf8 11. Nbd2 Bd7 12. Bc3 Rc8 13. Qb2 Qe7 14. b4 h6 15.
Rfe1 Ng6 16. a3 Nh7 17. Nb3 b6 18. Nfd2 Be6 19. f4 exf4 20. exf4 Bxf4 21. gxf4
Nxf4 22. Re3 Qg5 23. Nf1 Bh3 24. Rg3 Ne2+ 25. Qxe2 Rxe2 26. Bxh3 Qh4 27. Bxc8
Ng5 28. Bg4 Rc2 29. Be5 dxc4 30. Nd4 f6 31. Nf5 Nh3+ 32. Bxh3 Qh5 33. Rxg7+ 1-0

[Event "Open de Otoño Fundación CajaCanarias"]
[Site "Santa Cruz de Tenerife ESP"]
[Date "2014.11.12"]
[Round "8.4"]
[White "Hidalgo Santana, Fernando"]
[Black "Pinto Henriquez, Rodrigo"]
[Result "1/2-1/2"]
[WhiteElo "2220"]
[BlackElo "2115"]
[PlyCount "130"]
[EventDate "2014.10.27"]
[EventType "swiss"]
[EventRounds "9"]
[EventCountry "ESP"]
[Source "lmi"]
[SourceDate "2014.10.27"]

1. e4 e5 2. Nf3 Nc6 3. Bb5 Nf6 4. O-O Nxe4 5. d4 Nd6 6. Bxc6 dxc6 7. Nxe5 Be7
8. h3 Nf5 9. c3 O-O 10. Nd2 c5 11. dxc5 Bxc5 12. Nb3 Qxd1 13. Rxd1 Be7 14. Bf4
Nd6 15. Nd4 Re8 16. a4 a6 17. g4 f6 18. Nd3 b6 19. Nb4 Bb7 20. Ne6 Rac8 21.
Nxc7 Rxc7 22. Bxd6 Rd7 23. Bxe7 Rdxe7 24. Nd3 Rd7 25. Nf4 Rxd1+ 26. Rxd1 Bc6
27. b3 Kf7 28. Kf1 g5 29. Ng2 Bf3 30. Rd7+ Ke6 31. Rd3 Be4 32. Re3 Kd7 33. Ne1
Re6 34. Ke2 Bd5 35. c4 Be4 36. Kd2 a5 37. Kc3 Bc6 38. Rxe6 Kxe6 39. Kd4 Kd6 40.
Ke3 Bb7 41. f3 Bc6 42. Nd3 Bb7 43. f4 Bg2 44. fxg5 fxg5 45. Nf2 Ke5 46. Nd3+
Kd6 47. Kd4 Bxh3 48. Nf2 Bg2 49. Nd3 Bf3 50. Ne5 Bd1 51. Nf7+ Kc6 52. Nxg5 Bxb3
53. Nxh7 Bxa4 54. Nf6 Bc2 55. g5 Bg6 56. Nd5 Bf7 57. g6 Bxg6 58. Ne7+ Kd6 59.
Nxg6 a4 60. Nh4 a3 61. Nf5+ Kc6 62. Kc3 a2 63. Nd4+ Kd6 64. Nb3 a1=Q+ 65. Nxa1
b5 1/2-1/2

[Event "Open de Otoño Fundación CajaCanarias"]
[Site "Santa Cruz de Tenerife ESP"]
[Date "2014.11.12"]
[Round "8.5"]
[White "Evora Brondo, Jose Luis"]
[Black "Lopez Pereyra, Antonio"]
[Result "1/2-1/2"]
[WhiteElo "1915"]
[BlackElo "2108"]
[PlyCount "101"]
[EventDate "2014.10.27"]
[EventType "swiss"]
[EventRounds "9"]
[EventCountry "ESP"]
[Source "lmi"]
[SourceDate "2014.10.27"]

1. e4 c5 2. Nc3 a6 3. Nge2 b5 4. d4 cxd4 5. Nxd4 Bb7 6. Bd3 e6 7. O-O Qc7 8.
Be3 Nf6 9. a3 h5 10. h3 Bd6 11. f4 Bc5 12. e5 Nd5 13. Nxd5 Bxd5 14. Qd2 Nc6 15.
Nxc6 Bxe3+ 16. Qxe3 Qxc6 17. Rf2 g6 18. Rc1 Rc8 19. Re1 h4 20. Qe2 Qb6 21. Qd1
Kf8 22. c3 a5 23. Be4 Rc5 24. Qd4 Qc7 25. Rd2 Rh5 26. Qf2 Qc6 27. Bxd5 Rxd5 28.
Red1 Rxd2 29. Rxd2 Kg7 30. Rd6 Qe4 31. Rxd7 b4 32. axb4 axb4 33. cxb4 Qxb4 34.
Rd4 Qa5 35. b4 Qa1+ 36. Kh2 Rf5 37. b5 g5 38. Qe3 Qb2 39. fxg5 Qxb5 40. Re4 Rf1
41. Rxh4 Qb1 42. Ra4 Rh1+ 43. Kg3 Rd1 44. Rd4 Re1 45. Qf2 Rf1 46. Qd2 Qf5 47.
Qe3 Kg6 48. Rf4 Rxf4 49. Qxf4 Qxg5+ 50. Qg4 Kh6 51. Qxg5+ 1/2-1/2

[Event "Open de Otoño Fundación CajaCanarias"]
[Site "Santa Cruz de Tenerife ESP"]
[Date "2014.11.12"]
[Round "8.6"]
[White "Ramos Aguilar, Jose Manuel"]
[Black "Rodriguez Redondo, Adhara"]
[Result "1-0"]
[WhiteElo "2103"]
[BlackElo "1510"]
[PlyCount "73"]
[EventDate "2014.10.27"]
[EventType "swiss"]
[EventRounds "9"]
[EventCountry "ESP"]
[Source "lmi"]
[SourceDate "2014.10.27"]

1. c4 e6 2. d4 d5 3. Nc3 Be7 4. Nf3 Nf6 5. cxd5 exd5 6. Bg5 Nbd7 7. e3 O-O 8.
Bd3 c6 9. Qc2 Re8 10. O-O Nf8 11. h3 Ng6 12. Bxf6 Bxf6 13. b4 Bd7 14. b5 Rb8
15. Rab1 Qe7 16. Rb3 Rec8 17. bxc6 Bxc6 18. Qb1 b6 19. a4 Qe8 20. Ba6 Rd8 21.
Rc1 h6 22. Nb5 Bxb5 23. Bxb5 Qe7 24. Rbc3 Rb7 25. Qf5 Qe6 26. Qh5 Qd6 27. g3
Ne7 28. Kg2 Kf8 29. Bd3 Rdd7 30. Ne5 Bxe5 31. dxe5 Qe6 32. Rc8+ Nxc8 33. Rxc8+
Ke7 34. Qh4+ f6 35. Qb4+ Rd6 36. exd6+ Qxd6 37. Re8+ 1-0

[Event "Open de Otoño Fundación CajaCanarias"]
[Site "Santa Cruz de Tenerife ESP"]
[Date "2014.11.12"]
[Round "8.8"]
[White "Hernandez Leon, Sergio"]
[Black "Korneev Leskova, Svyatoslav"]
[Result "0-1"]
[WhiteElo "2075"]
[BlackElo "2075"]
[PlyCount "72"]
[EventDate "2014.10.27"]
[EventType "swiss"]
[EventRounds "9"]
[EventCountry "ESP"]
[Source "lmi"]
[SourceDate "2014.10.27"]

1. e4 e6 2. Qe2 c5 3. Nf3 Nc6 4. g3 g6 5. Bg2 Bg7 6. O-O d6 7. c3 Nge7 8. d3
O-O 9. Be3 e5 10. Ng5 h6 11. Nh3 Be6 12. f4 Qd7 13. Nf2 Rae8 14. Nd2 b6 15. Nf3
f5 16. Qd2 Kh7 17. Rfe1 Bg8 18. h3 d5 19. Nxe5 Nxe5 20. fxe5 d4 21. cxd4 cxd4
22. Bf4 g5 23. e6 Bxe6 24. exf5 Nxf5 25. Be5 Ne3 26. Bxg7 Kxg7 27. g4 Rc8 28.
Rac1 Bxa2 29. Ne4 Bd5 30. Rxc8 Rxc8 31. Qf2 Rf8 32. Qg3 Rf4 33. Rc1 Qe7 34. Bh1
Qe5 35. Kh2 Bxe4 36. Bxe4 Rf2+ 0-1

[Event "Open de Otoño Fundación CajaCanarias"]
[Site "Santa Cruz de Tenerife ESP"]
[Date "2014.11.12"]
[Round "8.9"]
[White "Martin Ortega, Oscar"]
[Black "Kraus, Oliver"]
[Result "0-1"]
[WhiteElo "1909"]
[BlackElo "2024"]
[PlyCount "106"]
[EventDate "2014.10.27"]
[EventType "swiss"]
[EventRounds "9"]
[EventCountry "ESP"]
[Source "lmi"]
[SourceDate "2014.10.27"]

1. e4 d5 2. exd5 Nf6 3. Nf3 Qxd5 4. d4 Bg4 5. Be2 Nc6 6. h3 Qh5 7. Be3 O-O-O 8.
c4 e5 9. d5 e4 10. Ng5 Bxe2 11. Qxe2 Qxe2+ 12. Kxe2 Ne5 13. Bd4 h6 14. Bxe5
hxg5 15. Nc3 Re8 16. Bd4 a6 17. Be3 g4 18. hxg4 Rxh1 19. Rxh1 Nxg4 20. Bd4 Nh6
21. Rh5 f6 22. Kd2 Kd7 23. Ne2 Nf7 24. Nf4 c6 25. dxc6+ bxc6 26. Ng6 Bd6 27.
Kc3 Ke6 28. Ra5 Ra8 29. b4 Nd8 30. Rh5 Nf7 31. Ra5 Nd8 32. Rh5 Kf7 33. Nh4 Ne6
34. a3 g6 35. Ra5 f5 36. g3 Bc7 37. Ra4 Bd8 38. Ng2 g5 39. b5 cxb5 40. cxb5
Rc8+ 41. Kd2 axb5 42. Ra7+ Rc7 43. Rxc7+ Bxc7 44. Bc3 Bd6 45. Bb4 Bxb4+ 46.
axb4 Kf6 47. Ne3 Ke5 48. Kc3 f4 49. Nc2 e3 50. gxf4+ gxf4 51. fxe3 f3 52. Nd4
Nxd4 53. exd4+ Ke4 0-1

[Event "Open de Otoño Fundación CajaCanarias"]
[Site "Santa Cruz de Tenerife ESP"]
[Date "2014.11.12"]
[Round "8.10"]
[White "Sanchez Martin, Jacobo"]
[Black "Rodriguez Perez, Mauro"]
[Result "0-1"]
[WhiteElo "1801"]
[BlackElo "1941"]
[PlyCount "43"]
[EventDate "2014.10.27"]
[EventType "swiss"]
[EventRounds "9"]
[EventCountry "ESP"]
[Source "lmi"]
[SourceDate "2014.10.27"]

1. e4 e6 2. d4 d5 3. exd5 exd5 4. c3 Bd6 5. Bd3 Nc6 6. Nf3 Be6 7. h3 Nge7 8.
O-O f6 9. Re1 Qd7 10. Be3 O-O-O 11. a4 Bf5 12. Bf1 g5 13. Nbd2 g4 14. hxg4 Bxg4
15. Qc2 Ng6 16. b4 f5 17. Bg5 Rde8 18. b5 Na5 19. Bf6 Rhf8 20. Ne5 Nxe5 21.
dxe5 Bc5 22. Be2 0-1

[Event "Open de Otoño Fundación CajaCanarias"]
[Site "Santa Cruz de Tenerife ESP"]
[Date "2014.11.12"]
[Round "8.12"]
[White "Guniaeva, Olga"]
[Black "Perez De La Torre, Jorge"]
[Result "1/2-1/2"]
[WhiteElo "1685"]
[BlackElo "1628"]
[PlyCount "72"]
[EventDate "2014.10.27"]
[EventType "swiss"]
[EventRounds "9"]
[EventCountry "ESP"]
[Source "lmi"]
[SourceDate "2014.10.27"]

1. d4 d6 2. c4 e5 3. dxe5 dxe5 4. Qxd8+ Kxd8 5. Nc3 c6 6. Nf3 f6 7. e3 Be6 8.
Be2 Nd7 9. b3 Bb4 10. Bb2 Nh6 11. h3 Nf7 12. Nd2 Kc7 13. a3 Bxc3 14. Bxc3 a5
15. f4 Rhd8 16. g4 exf4 17. exf4 Nd6 18. O-O Nc5 19. Rfd1 Nde4 20. Nxe4 Rxd1+
21. Rxd1 Nxe4 22. Be1 Nc5 23. b4 axb4 24. axb4 Ra2 25. Rd2 Ra1 26. Kf1 Ne4 27.
Rc2 Ng3+ 28. Kf2 Nxe2 29. Kxe2 Ra3 30. f5 Bf7 31. h4 Rh3 32. c5 Rh2+ 33. Kd3
Rxc2 34. Kxc2 Bd5 35. Bg3+ Kd7 36. Kd3 Ke7 1/2-1/2

[Event "Open de Otoño Fundación CajaCanarias"]
[Site "Santa Cruz de Tenerife ESP"]
[Date "2014.11.12"]
[Round "8.13"]
[White "Hernandez Estevez, Andres Davi"]
[Black "Rodriguez Redondo, Ethan"]
[Result "0-1"]
[WhiteElo "1296"]
[BlackElo "1729"]
[PlyCount "60"]
[EventDate "2014.10.27"]
[EventType "swiss"]
[EventRounds "9"]
[EventCountry "ESP"]
[Source "lmi"]
[SourceDate "2014.10.27"]

1. e4 c5 2. Nf3 e6 3. d4 cxd4 4. Nxd4 Nc6 5. Nc3 a6 6. Be2 Qc7 7. Be3 Nf6 8.
Qd2 Bb4 9. f3 Ne5 10. Bf4 Bxc3 11. bxc3 d5 12. exd5 Nxd5 13. Bg3 h5 14. c4 Ne7
15. Qg5 N7g6 16. Bxe5 Qxe5 17. Qxe5 Nxe5 18. Rb1 Nd7 19. Kf2 Nf6 20. Rhd1 O-O
21. h4 g6 22. Nb3 b5 23. cxb5 axb5 24. Bxb5 Rxa2 25. Bd3 Nd5 26. Ra1 Rb2 27.
Rab1 Nc3 28. Rxb2 Nxd1+ 29. Ke2 Nxb2 30. Bb5 Rd8 0-1

[Event "Open de Otoño Fundación CajaCanarias"]
[Site "Santa Cruz de Tenerife ESP"]
[Date "2014.11.12"]
[Round "8.15"]
[White "Ruiz Yanes, Jose David"]
[Black "Afonso Carrillo, Ivan Alejandr"]
[Result "1-0"]
[WhiteElo "1487"]
[BlackElo "1449"]
[PlyCount "93"]
[EventDate "2014.10.27"]
[EventType "swiss"]
[EventRounds "9"]
[EventCountry "ESP"]
[Source "lmi"]
[SourceDate "2014.10.27"]

1. d4 e6 2. c4 Nf6 3. Nf3 Bb4+ 4. Bd2 Qe7 5. Nc3 O-O 6. a3 Bxc3 7. Bxc3 a5 8.
Qc2 d5 9. e3 b6 10. cxd5 Nxd5 11. e4 Nxc3 12. Qxc3 Bb7 13. Bd3 f5 14. Qc2 Ba6
15. Bxa6 Nxa6 16. O-O c5 17. Rfe1 f4 18. Qc4 Kh8 19. d5 e5 20. Rad1 Rfd8 21.
Rd2 Nc7 22. Red1 Qd6 23. a4 h6 24. Rd3 g5 25. Qc3 Re8 26. Ne1 b5 27. b3 b4 28.
Qc4 Rec8 29. Nf3 Ne8 30. Nd2 Qa6 31. Qxa6 Rxa6 32. Nc4 Nd6 33. Nxe5 Re8 34. Nd7
Nxe4 35. d6 Rd8 36. f3 Nc3 37. Nxc5 Rc6 38. Nb7 Nxd1 39. Nxd8 Rc1 40. Rd2 Ne3+
41. Kf2 Rf1+ 42. Ke2 Rg1 43. Kd3 Rc1 44. d7 Rc5 45. Ke4 Nf5 46. Nf7+ Kg7 47.
d8=Q 1-0